[Event "Pan American-ch U2000"]
[White "Santos, Valentim Do Carmo R"]
[Black "Tapia, Mauricio"]
[Site "Balneario Camboriu"]
[Round "7"]
[Result "0-1"]
[Date "2024.09.28"]
[WhiteElo "1938"]
[BlackElo "1955"]
[PlyCount "96"]
[EventDate "2024.09.24"]
[EventType "swiss"]
[EventRounds "9"]
[EventCountry "BRA"]
[SourceTitle "EXT 2025"]
[Source "ChessBase"]
[SourceDate "2024.10.14"]
[SourceVersion "1"]
[SourceVersionDate "2024.10.14"]
[SourceQuality "1"]

1. e4 d6 2. d4 Nf6 3. Nc3 g6 4. Be3 c6 5. a4 a5 6. Qd2 Nbd7 7. Bc4 Nb6 8. Bb3 d5 9. f3 h5 10. e5 Ng8 11. Nge2 Nh6 12. Nf4 e6 13. h3 Nf5 14. Bf2 h4 15. Nfe2 Bh6 16. Qd3 Nd7 17. f4 b6 18. Nd1 Qe7 19. c3 Ba6 20. Qf3 g5 21. Ne3 Bxe2 22. Kxe2 gxf4 23. Nxf5 exf5 24. Qh5 Qg5 25. Qxg5 Bxg5 26. Bc2 Nf8 27. Bxf5 Ne6 28. b4 Kd7 29. Kf3 Ke7 30. b5 cxb5 31. axb5 Rac8 32. Rhc1 Rc7 33. Ra3 Rg8 34. Ra4 f6 35. c4 Ng7 36. exf6+ Kxf6 37. Bd3 Nf5 38. c5 Ne3 39. Bxe3 fxe3 40. Ke2 Ke6 41. c6 Rf8 42. Rg1 Rf2+ 43. Ke1 Rd2 44. Ra3 Bf4 45. Kf1 Bg3 46. Bf5+ Kxf5 47. Rxe3 Rd1+ 48. Ke2 Re1+ 0-1